书目信息 |
| 题名: |
艺术设计史
|
|
| 作者: | 赖思敏 主编 | |
| 分册: | ||
| 出版信息: | 哈尔滨工程大学 2019.02 |
|
| 页数: | 145页 | |
| 开本: | 20cm | |
| 丛书名: | ||
| 单 册: | ||
| 中图分类: | J509.1-43 | |
| 科图分类: | ||
| 主题词: | 工艺美术--艺术理论 | |
| 电子资源: | ||
| ISBN: | 978-7-5661-2181-3 | |
| 000 | 00551nam0 2200193 45 | |
| 001 | 2040328330 | |
| 005 | 20201111105555.48 | |
| 010 | @a978-7-5661-2181-3@dRMB 55.00 | |
| 100 | @a20201104d2019 km y0chiy0120 ea | |
| 101 | 0 | @achi |
| 200 | 1 | @a艺术设计史@Ayi shu she ji shi@f赖思敏等主编@Flai si min deng zhu bian |
| 205 | @a2版 | |
| 210 | @c哈尔滨工程大学@d2019.02 | |
| 215 | @a145页@d20cm | |
| 606 | 0 | @a工艺美术@x艺术理论 |
| 690 | @aJ509.1-43@v4 | |
| 701 | 0 | @a赖思敏@Alai si min@4主编 |
| 801 | 0 | @aCN@bPFT@c20201111 |
| 905 | @a10447@dJ509.1-43@eL032=2 | |
| 艺术设计史/赖思敏等主编.-2版.-哈尔滨工程大学,2019.02 |
| 145页;20cm |
| ISBN 978-7-5661-2181-3:RMB 55.00 |
| ● |
| 相关链接 |
|
|
|
正题名:艺术设计史
索取号:J509.1-43/L032=2
 
预约/预借
| 序号 | 登录号 | 条形码 | 馆藏地/架位号 | 状态 | 备注 |
| 1 | 1501925 | 215019254 | 社科库309/309社科库 85排4列1层/ [索取号:J509.1-43/L032=2] | 在馆 |